[Event "Plateliai Plunge op-A 42nd"]
[Site "Plateliai"]
[Date "2023.07.21"]
[Round "7"]
[White "Kuvsinov, Anatolij"]
[Black "Ziura, Arvydas"]
[Result "1-0"]
[WhiteElo "1534"]
[BlackElo "1250"]
[PlyCount "62"]
[EventDate "2023.07.17"]
[EventType "swiss"]
[EventRounds "9"]
[EventCountry "LTU"]
[SourceTitle "CBM 215 Extra"]
[Source "ChessBase"]
[SourceDate "2023.09.30"]
[SourceVersion "1"]
[SourceVersionDate "2023.09.30"]
[SourceQuality "1"]

1. Nf3 d5 2. d3 Nf6 3. g3 Bg4 4. Bg2 Nc6 5. Bf4 Bxf3 6. Bxf3 e5 7. Bd2 Bc5 8. c3 Qe7 9. e4 dxe4 10. dxe4 Rd8 11. Qe2 h6 12. b4 Bb6 13. 0-0 Qe6 14. Na3 a6 15. Nc4 Ba7 16. a4 Ne7 17. Na5 b6 18. Nc4 0-0 19. Be3 c5 20. a5 b5 21. Nb6 Bxb6 22. axb6 Qxb6 23. Bxc5 Qb7 24. Bxe7 Qxe7 25. Rxa6 Rb8 26. Rfa1 Rfc8 27. Qe3 Qc7 28. R1a3 Ne8 29. Bg4 Rd8 30. Ra7 Qc4 31. Be2 Qe6 1-0

[Event "Plateliai Plunge op-A 42nd"]
[Site "Plateliai"]
[Date "2023.07.19"]
[Round "4"]
[White "Kuvsinov, Anatolij"]
[Black "Antuzis, Domantas"]
[Result "0-1"]
[WhiteElo "1534"]
[BlackElo "1213"]
[PlyCount "74"]
[EventDate "2023.07.17"]
[EventType "swiss"]
[EventRounds "9"]
[EventCountry "LTU"]
[SourceTitle "CBM 215 Extra"]
[Source "ChessBase"]
[SourceDate "2023.09.30"]
[SourceVersion "1"]
[SourceVersionDate "2023.09.30"]
[SourceQuality "1"]

1. Nf3 d5 2. d3 Nc6 3. g3 e5 4. Bg2 Nf6 5. 0-0 Be7 6. c3 0-0 7. b4 a6 8. a4 Re8 9. Bb2 Bd6 10. Na3 Na7 11. Qd2 Bg4 12. c4 c6 13. c5 Bxf3 14. exf3 Bc7 15. d4 exd4 16. Bxd4 Be5 17. Rfe1 Bxd4 18. Qxd4 Rxe1+ 19. Rxe1 Nc8 20. Qe5 Kf8 21. Nc2 Ne7 22. Nd4 Ng6 23. Qf5 Qd7 24. Bh3 Rd8 25. a5 Kg8 26. Qxd7 Nxd7 27. Bxd7 Rxd7 28. Re8+ Nf8 29. Nf5 g6 30. Nd6 Kg7 31. Rb8 Ne6 32. Rxb7 Rxb7 33. Nxb7 Kf6 34. f4 Ke7 35. Kf1 Nd4 36. h3 Nc2 37. b5 cxb5 0-1

[Event "Plateliai Plunge op-A 42nd"]
[Site "Plateliai"]
[Date "2023.07.17"]
[Round "1"]
[White "Viskelis, Darius"]
[Black "Kuvsinov, Anatolij"]
[Result "1/2-1/2"]
[WhiteElo "2166"]
[BlackElo "1534"]
[PlyCount "65"]
[EventDate "2023.07.17"]
[EventType "swiss"]
[EventRounds "9"]
[EventCountry "LTU"]
[SourceTitle "CBM 215 Extra"]
[Source "ChessBase"]
[SourceDate "2023.09.30"]
[SourceVersion "1"]
[SourceVersionDate "2023.09.30"]
[SourceQuality "1"]

1. e4 d6 2. d4 Nf6 3. Nc3 g6 4. f4 Bg7 5. Nf3 c6 6. a4 0-0 7. Bd3 Bg4 8. e5 Ne8 9. Be3 Na6 10. Bxa6 bxa6 11. h3 Be6 12. 0-0 Nc7 13. Ng5 Bc4 14. Rf2 Nd5 15. Nxd5 Bxd5 16. Qd3 f6 17. c4 fxg5 18. cxd5 gxf4 19. Bxf4 dxe5 20. dxe5 Qxd5 21. Qe3 Rad8 22. Rc1 e6 23. Rc5 Qd7 24. Rfc2 Qd1+ 25. Kh2 Rd3 26. Qc1 Qxc1 27. Bxc1 Rf5 28. g4 Bxe5+ 29. Kg2 Rg3+ 30. Kh2 Rc3+ 31. Kg2 Rg3+ 32. Kh2 Rc3+ 33. Kg2 1/2-1/2

[Event "Plunge op 40th"]
[Site "Plateliai"]
[Date "2020.07.14"]
[Round "2"]
[White "Skierus, Algimantas"]
[Black "Kuvsinov, Anatolij"]
[Result "0-1"]
[WhiteElo "1901"]
[BlackElo "1684"]
[PlyCount "70"]
[EventDate "2020.07.13"]
[EventType "swiss"]
[EventRounds "9"]
[EventCountry "LTU"]
[SourceTitle "CBM 197 Extra"]
[Source "ChessBase"]
[SourceDate "2020.09.30"]
[SourceVersion "1"]
[SourceVersionDate "2020.09.30"]
[SourceQuality "1"]

1. d4 d6 2. c4 g6 3. Nc3 Bg7 4. e4 Nc6 5. Be3 e5 6. Nge2 Nge7 7. d5 Nb8 8. c5 f5 9. f3 Nd7 10. cxd6 cxd6 11. Nb5 Nf6 12. Nec3 a6 13. Na3 b5 14. Nc2 fxe4 15. fxe4 Ng4 16. Bg1 Bb7 17. h3 Nf6 18. Be2 Nc8 19. Be3 b4 20. Nxb4 Nxe4 21. 0-0 Ng3 22. Rf3 Nf5 23. Qd2 Nxe3 24. Qxe3 a5 25. Nc6 Qb6 26. Nb5 Qxe3+ 27. Rxe3 Bxc6 28. dxc6 Ke7 29. Rf1 Rf8 30. Ref3 Rxf3 31. Rxf3 Na7 32. Nc7 Rc8 33. Nd5+ Ke6 34. Bd1 Rxc6 35. Ne3 Ke7 0-1

[Event "Plunge op-A 39th"]
[Site "Plateliai"]
[Date "2019.07.18"]
[Round "6"]
[White "Kuvsinov, Anatolij"]
[Black "Jablokov, Dmitrij"]
[Result "1-0"]
[WhiteElo "1726"]
[BlackElo "1993"]
[PlyCount "32"]
[EventDate "2019.07.15"]
[EventType "swiss"]
[EventRounds "9"]
[EventCountry "LTU"]
[SourceTitle "CBM 191 Extra"]
[Source "ChessBase"]
[SourceDate "2019.09.30"]
[SourceVersion "1"]
[SourceVersionDate "2019.09.30"]
[SourceQuality "1"]

1. e4 e6 2. Nc3 d5 3. d3 Nf6 4. g3 dxe4 5. Nxe4 Nxe4 6. dxe4 Qxd1+ 7. Kxd1 Bc5 8. f4 0-0 9. Nf3 Nc6 10. c3 h6 11. b4 Bb6 12. a4 a6 13. Bc4 e5 14. f5 Bd7 15. Ke2 Kh7 16. Ba3 Rfb8 1-0

[Event "Plunge op-A 39th"]
[Site "Plateliai"]
[Date "2019.07.17"]
[Round "4"]
[White "Griksaite, Leva"]
[Black "Kuvsinov, Anatolij"]
[Result "0-1"]
[WhiteElo "1296"]
[BlackElo "1726"]
[PlyCount "77"]
[EventDate "2019.07.15"]
[EventType "swiss"]
[EventRounds "9"]
[EventCountry "LTU"]
[SourceTitle "CBM 191 Extra"]
[Source "ChessBase"]
[SourceDate "2019.09.30"]
[SourceVersion "1"]
[SourceVersionDate "2019.09.30"]
[SourceQuality "1"]

1. e4 e5 2. Nf3 Nc6 3. Bb5 a6 4. Bxc6 bxc6 5. d3 d6 6. Nbd2 Be7 7. Nc4 Nf6 8. Bd2 Be6 9. Na5 Qd7 10. h3 h6 11. Nh2 d5 12. Qe2 Bd6 13. 0-0 0-0 14. f4 exf4 15. e5 Bc5+ 16. Kh1 Nh7 17. Rxf4 f5 18. Nb3 Be7 19. d4 Ng5 20. Be1 Ne4 21. Nd2 Bg5 22. Rf3 c5 23. Nb3 cxd4 24. Nxd4 c5 25. h4 Bd8 26. Nb3 Qc7 27. Nd2 Qxe5 28. Nxe4 fxe4 29. Rxf8+ Kxf8 30. Qf2+ Kg8 31. Qxc5 Bc7 32. Nf1 Rf8 33. Bg3 Rxf1+ 34. Rxf1 Qxg3 35. Rf8+ Kh7 36. Kg1 Bd6 37. Qc6 Bxf8 38. Qxe6 Bc5+ 39. Kh1 0-1

[Event "Plunge op-A 39th"]
[Site "Plateliai"]
[Date "2019.07.16"]
[Round "2"]
[White "Povilaitis, Tomas"]
[Black "Kuvsinov, Anatolij"]
[Result "1-0"]
[WhiteElo "1871"]
[BlackElo "1726"]
[PlyCount "53"]
[EventDate "2019.07.15"]
[EventType "swiss"]
[EventRounds "9"]
[EventCountry "LTU"]
[SourceTitle "CBM 191 Extra"]
[Source "ChessBase"]
[SourceDate "2019.09.30"]
[SourceVersion "1"]
[SourceVersionDate "2019.09.30"]
[SourceQuality "1"]

1. e4 e5 2. Nc3 Nc6 3. f4 d6 4. Nf3 exf4 5. d4 g5 6. h3 Bg7 7. Bb5 Bd7 8. a3 h5 9. d5 Ne5 10. Nxe5 Bxe5 11. Bxd7+ Qxd7 12. Bd2 Ne7 13. Qe2 0-0-0 14. 0-0-0 a6 15. Qf2 Kb8 16. Rdf1 f5 17. h4 fxe4 18. Nxe4 gxh4 19. Rxh4 Nxd5 20. Rfh1 Bg7 21. c3 Rdg8 22. Rg1 Rh6 23. Qf3 Rg6 24. Rh2 Ne3 25. Bxe3 fxe3 26. Rxh5 Rg4 27. Rf5 1-0

[Event "LTU-ch"]
[Site "Vilnius"]
[Date "2019.03.18"]
[Round "6"]
[White "Dailidenas, Justas"]
[Black "Kuvsinov, Anatolij"]
[Result "0-1"]
[WhiteElo "1658"]
[BlackElo "1768"]
[PlyCount "56"]
[EventDate "2019.03.15"]
[EventType "swiss"]
[EventRounds "9"]
[EventCountry "LTU"]
[SourceTitle "EXT 2020"]
[Source "ChessBase"]
[SourceDate "2019.10.17"]
[SourceVersion "1"]
[SourceVersionDate "2019.10.17"]
[SourceQuality "1"]

1. e4 e5 2. Nf3 Nc6 3. Bb5 a6 4. Bxc6 dxc6 5. Nc3 Bd6 6. d4 f6 7. dxe5 fxe5 8. Nxe5 Nf6 9. Nf3 Bg4 10. h3 Bxf3 11. Qxf3 0-0 12. 0-0 Qe7 13. Bg5 Qe5 14. Bf4 Qxf4 15. Qxf4 Bxf4 16. Rfe1 Bd2 17. Re2 Bxc3 18. bxc3 Rfe8 19. Rae1 Re7 20. c4 b5 21. e5 Nd7 22. e6 Nb6 23. Re5 Nxc4 24. Rc5 Rd8 25. f4 Rd5 26. Rxc6 Rd6 27. Rxd6 Nxd6 28. g4 g6 0-1

[Event "LTU-ch"]
[Site "Vilnius"]
[Date "2019.03.17"]
[Round "4"]
[White "Narmontas, Raimondas"]
[Black "Kuvsinov, Anatolij"]
[Result "1/2-1/2"]
[WhiteElo "2019"]
[BlackElo "1768"]
[PlyCount "85"]
[EventDate "2019.03.15"]
[EventType "swiss"]
[EventRounds "9"]
[EventCountry "LTU"]
[SourceTitle "EXT 2020"]
[Source "ChessBase"]
[SourceDate "2019.10.17"]
[SourceVersion "1"]
[SourceVersionDate "2019.10.17"]
[SourceQuality "1"]

1. e4 e5 2. Nc3 Nc6 3. f4 d6 4. Nf3 Nf6 5. Bb5 Bd7 6. 0-0 Be7 7. d3 0-0 8. f5 a6 9. Ba4 b5 10. Bb3 Na5 11. Qe1 Nxb3 12. axb3 c5 13. Qg3 Kh8 14. Qh3 h6 15. g4 Nh7 16. Qg3 Ng5 17. Ne1 Nh7 18. Ng2 Bg5 19. h4 Bxc1 20. Raxc1 f6 21. Ne3 Bc6 22. Rf2 Rf7 23. Rcf1 Kg8 24. Ncd5 a5 25. Ra1 b4 26. Nc4 Rfa7 27. Qe3 Bxd5 28. exd5 a4 29. bxa4 Rxa4 30. Rxa4 Rxa4 31. Rf1 Kf7 32. Kh2 Ke7 33. Rg1 Ra8 34. Nd2 Ra2 35. Nc4 Qa8 36. Qf3 Ra1 37. Rg2 Qa2 38. Qf2 Qa8 39. Ne3 Ra2 40. b3 Ra1 41. Qe2 Qa2 42. Rf2 Qb2 43. Qf3 1/2-1/2

[Event "LTU-ch"]
[Site "Vilnius"]
[Date "2019.03.16"]
[Round "2"]
[White "Jeriominas, Jurijus"]
[Black "Kuvsinov, Anatolij"]
[Result "0-1"]
[WhiteElo "1471"]
[BlackElo "1768"]
[PlyCount "51"]
[EventDate "2019.03.15"]
[EventType "swiss"]
[EventRounds "9"]
[EventCountry "LTU"]
[SourceTitle "CBM 189 Extra"]
[Source "ChessBase"]
[SourceDate "2019.06.03"]
[SourceVersion "1"]
[SourceVersionDate "2019.06.03"]
[SourceQuality "1"]

1. d4 g6 2. h4 Nf6 3. Nc3 d5 4. Bg5 Bg7 5. Qd2 Nc6 6. 0-0-0 h6 7. Bf4 a6 8. f3 e6 9. g4 b5 10. g5 Ng8 11. e3 hxg5 12. Bxg5 f6 13. Bf4 Nge7 14. Qg2 Kf7 15. Bd3 Rh5 16. Nge2 e5 17. dxe5 Nxe5 18. Bxe5 Rxe5 19. h5 gxh5 20. Nf4 Rg5 21. Qf2 Qh8 22. Rhg1 c6 23. Rxg5 fxg5 24. Nxh5 Bh6 25. Be2 Be6 26. Qh2 0-1

[Event "LTU-ch blind"]
[Site "Vilnius"]
[Date "2019.03.04"]
[Round "5"]
[White "Slusnys, Evaldas"]
[Black "Kuvsinov, Anatolij"]
[Result "1/2-1/2"]
[WhiteElo "1849"]
[BlackElo "1768"]
[PlyCount "109"]
[EventDate "2019.03.02"]
[EventType "tourn"]
[EventRounds "9"]
[EventCountry "LTU"]
[SourceTitle "CBM 189 Extra"]
[Source "ChessBase"]
[SourceDate "2019.06.03"]
[SourceVersion "1"]
[SourceVersionDate "2019.06.03"]
[SourceQuality "1"]

1. e4 e5 2. Nf3 Nc6 3. d4 exd4 4. Nxd4 d6 5. c4 g6 6. Nc3 Bg7 7. Be3 Nge7 8. Be2 0-0 9. 0-0 f5 10. exf5 Nxf5 11. Nxf5 Bxf5 12. c5 Be6 13. cxd6 cxd6 14. Nb5 d5 15. Nd4 Nxd4 16. Bxd4 Bxd4 17. Qxd4 Qf6 18. Qxf6 Rxf6 19. Rac1 Rc8 20. Rxc8+ Bxc8 21. Bf3 Rd6 22. Rc1 Be6 23. Kf1 Rc6 24. Rxc6 bxc6 25. b4 Kf7 26. Ke2 Kf6 27. a3 Ke5 28. Ke3 Bf5 29. Bd1 g5 30. Ba4 d4+ 31. Kd2 Kd6 32. f3 h5 33. g3 h4 34. gxh4 gxh4 35. Bb3 Be6 36. Bc2 c5 37. bxc5+ Kxc5 38. f4 Bg4 39. Bg6 Bh3 40. f5 Kd5 41. f6 Ke6 42. f7 Ke7 43. Kd3 Be6 44. Kxd4 Bxf7 45. Bxf7 Kxf7 46. Ke5 Kg6 47. Kf4 Kh5 48. h3 a6 49. a4 a5 50. Kf5 Kh6 51. Kg4 Kg6 52. Kxh4 Kf5 53. Kh5 Kf4 54. Kh4 Kf5 55. Kg3 1/2-1/2

[Event "Vilnius Zavanelli Memorial op-B"]
[Site "Vilnius"]
[Date "2018.10.25"]
[Round "1"]
[White "Sumskis, Rimvydas"]
[Black "Kuvsinov, Anatolij"]
[Result "1-0"]
[WhiteElo "2029"]
[BlackElo "1779"]
[PlyCount "104"]
[EventDate "2018.10.25"]
[EventType "swiss"]
[EventRounds "7"]
[EventCountry "LTU"]
[SourceTitle "CBM 187 Extra"]
[Source "ChessBase"]
[SourceDate "2018.11.04"]
[SourceVersion "1"]
[SourceVersionDate "2018.11.04"]
[SourceQuality "1"]

1. e4 e5 2. Nf3 Nc6 3. Bb5 a6 4. Ba4 d6 5. 0-0 Nf6 6. Re1 Be7 7. c3 0-0 8. h3 b5 9. Bc2 Bb7 10. d3 h6 11. Nbd2 Nh7 12. Nf1 Ng5 13. Ng3 Nxf3+ 14. Qxf3 Bg5 15. Nf5 Bxc1 16. Raxc1 Ne7 17. Bb3 Nxf5 18. Qxf5 c5 19. Re3 Qe7 20. Qh5 Kh7 21. Rf1 g6 22. Qe2 f5 23. exf5 gxf5 24. f4 e4 25. dxe4 fxe4 26. Qh5 c4 27. Bc2 d5 28. Kh2 Rg8 29. g3 Raf8 30. Rd1 Qe6 31. Rd4 Rf5 32. Qe2 Qg6 33. Rd1 Qf7 34. Rf1 Bc8 35. Bd1 Rf6 36. Qd2 Qe6 37. Bg4 Qf7 38. Bxc8 Rxc8 39. Rd1 Rf5 40. Qd4 Rg8 41. Re2 Rxf4 42. Rg2 Rf5 43. Rdd2 Re8 44. Rde2 Qe6 45. Qe3 Rf3 46. Qxf3 exf3 47. Rxe6 Rxe6 48. Rf2 Re3 49. g4 d4 50. cxd4 Rd3 51. Kg3 Rxd4 52. Rxf3 Kg6 1-0

[Event "LTU-chT"]
[Site "Lithuania"]
[Date "2018.04.14"]
[Round "6.5"]
[White "Salna, Aleksandras"]
[Black "Kuvsinov, Anatolij"]
[Result "1-0"]
[WhiteElo "1915"]
[BlackElo "1781"]
[PlyCount "55"]
[EventDate "2018.01.27"]
[EventType "team-swiss"]
[EventRounds "7"]
[EventCountry "LTU"]
[SourceTitle "EXT 2019"]
[Source "ChessBase"]
[SourceDate "2018.10.10"]
[SourceVersion "1"]
[SourceVersionDate "2018.10.10"]
[SourceQuality "1"]
[WhiteTeam "Vilnius Chess United"]
[BlackTeam "Vilnius LASF"]
[WhiteTeamCountry "LTU"]
[BlackTeamCountry "LTU"]

1. d4 d6 2. Nf3 Nf6 3. Bf4 g6 4. e3 Bg7 5. Be2 c6 6. 0-0 0-0 7. h3 Nbd7 8. c4 Qa5 9. a3 e5 10. Bh2 Ne8 11. b4 Qd8 12. dxe5 dxe5 13. Bxe5 Bxe5 14. Nxe5 Qe7 15. Nf3 Nc7 16. Ra2 Nb6 17. Rd2 Be6 18. Qc1 c5 19. Qc3 cxb4 20. axb4 Rfc8 21. c5 Nbd5 22. Qb2 a5 23. bxa5 Qxc5 24. Nd4 Qxa5 25. Nxe6 Nxe6 26. Qxb7 Rd8 27. Bf3 Rab8 28. Rxd5 1-0

[Event "LTU-ch blind and visually impaired"]
[Site "Kaunas"]
[Date "2018.04.09"]
[Round "4.2"]
[White "Rutkauskas, Gediminas"]
[Black "Kuvsinov, Anatolij"]
[Result "0-1"]
[WhiteElo "1847"]
[BlackElo "1754"]
[PlyCount "68"]
[EventDate "2018.04.07"]
[EventType "tourn"]
[EventRounds "5"]
[EventCountry "LTU"]
[SourceTitle "EXT 2024"]
[Source "ChessBase"]
[SourceDate "2023.10.10"]
[SourceVersion "1"]
[SourceVersionDate "2023.10.10"]
[SourceQuality "1"]

1. c4 g6 2. Nc3 Bg7 3. g3 e5 4. Bg2 d6 5. d3 Nc6 6. Rb1 Nge7 7. Bd2 Nd4 8. e3 Ne6 9. b4 0-0 10. Nge2 c6 11. 0-0 f5 12. Qb3 g5 13. f4 gxf4 14. gxf4 exf4 15. Nxf4 Nxf4 16. Rxf4 Ng6 17. Rf2 Be6 18. Ne2 Qh4 19. Nf4 Nxf4 20. Rxf4 Qh5 21. Qd1 Qxd1+ 22. Rxd1 Rad8 23. b5 d5 24. cxd5 Bxd5 25. Bxd5+ Rxd5 26. bxc6 bxc6 27. d4 Bh6 28. Rf3 f4 29. Bb4 Rfd8 30. exf4 Rxd4 31. Rxd4 Rxd4 32. Bc5 Ra4 33. Ra3 Rxa3 34. Bxa3 Bxf4 0-1

[Event "LTU-ch"]
[Site "Kaunas"]
[Date "2018.03.04"]
[Round "4"]
[White "Vainauskas, Haroldas"]
[Black "Kuvsinov, Anatolij"]
[Result "0-1"]
[WhiteElo "1473"]
[BlackElo "1781"]
[PlyCount "42"]
[EventDate "2018.03.02"]
[EventType "swiss"]
[EventRounds "9"]
[EventCountry "LTU"]
[SourceTitle "CBM 183 Extra"]
[Source "ChessBase"]
[SourceDate "2018.04.19"]
[SourceVersion "1"]
[SourceVersionDate "2018.04.19"]
[SourceQuality "1"]

1. d4 d6 2. c4 g6 3. Nc3 Bg7 4. e4 Nc6 5. Be3 e5 6. d5 Nce7 7. Bd3 Nf6 8. f3 c5 9. Nge2 0-0 10. 0-0 Ne8 11. Qc2 f5 12. a3 Nf6 13. Rab1 Bd7 14. b4 a5 15. b5 Rf7 16. a4 Qf8 17. Qd2 f4 18. Bf2 g5 19. Kh1 Ng6 20. Ra1 g4 21. Ng1 Qe7 0-1

[Event "LTU-ch"]
[Site "Kaunas"]
[Date "2018.03.03"]
[Round "3"]
[White "Kuvsinov, Anatolij"]
[Black "Skerba, Gediminas"]
[Result "0-1"]
[WhiteElo "1781"]
[BlackElo "1427"]
[PlyCount "84"]
[EventDate "2018.03.02"]
[EventType "swiss"]
[EventRounds "9"]
[EventCountry "LTU"]
[SourceTitle "CBM 183 Extra"]
[Source "ChessBase"]
[SourceDate "2018.04.19"]
[SourceVersion "1"]
[SourceVersionDate "2018.04.19"]
[SourceQuality "1"]

1. e4 e6 2. d4 d5 3. exd5 exd5 4. Nf3 Nf6 5. Bd3 Bg4 6. h3 Bh5 7. Bf4 Be7 8. Nbd2 0-0 9. 0-0 Nc6 10. c3 Qd7 11. Qc2 Bg6 12. Ne5 Nxe5 13. dxe5 Ne8 14. Rfe1 c5 15. Rad1 Nc7 16. Bh2 Qc6 17. f4 c4 18. Bxg6 hxg6 19. Nf3 Ne6 20. Kh1 Nc5 21. Nd4 Qd7 22. f5 gxf5 23. Qxf5 Rad8 24. Qxd7 Rxd7 25. Re2 a6 26. Bg1 Nd3 27. e6 fxe6 28. Nxe6 Rf7 29. g3 Bd6 30. Kg2 Rde7 31. Nd4 Rxe2+ 32. Nxe2 Re7 33. Rd2 b5 34. Bf2 b4 35. Nd4 bxc3 36. bxc3 Rf7 37. Nc2 a5 38. Ne3 Bc5 39. Nd1 Ba3 40. Bd4 Ne1+ 41. Kh1 Rf1+ 42. Kh2 Nf3+ 0-1

[Event "LTU-ch"]
[Site "Kaunas"]
[Date "2018.03.03"]
[Round "2"]
[White "Leclere, Daniel"]
[Black "Kuvsinov, Anatolij"]
[Result "1/2-1/2"]
[WhiteElo "1531"]
[BlackElo "1781"]
[PlyCount "86"]
[EventDate "2018.03.02"]
[EventType "swiss"]
[EventRounds "9"]
[EventCountry "LTU"]
[SourceTitle "CBM 183 Extra"]
[Source "ChessBase"]
[SourceDate "2018.04.19"]
[SourceVersion "1"]
[SourceVersionDate "2018.04.19"]
[SourceQuality "1"]

1. e4 e5 2. Nf3 Nc6 3. Bb5 a6 4. Ba4 d6 5. d4 exd4 6. Nxd4 Bd7 7. 0-0 b5 8. Nxc6 Bxc6 9. Bb3 Nf6 10. Nc3 Be7 11. Re1 0-0 12. Bf4 Qd7 13. Qe2 Rfe8 14. Rad1 Bf8 15. f3 h6 16. Qf2 g5 17. Bc1 Rad8 18. g4 Qc8 19. h4 Nh7 20. hxg5 Nxg5 21. Bxg5 hxg5 22. Qd2 Be7 23. Nd5 Qd7 24. Qc3 Bxd5 25. Bxd5 c5 26. b3 Bf8 27. Qf6 Qe7 28. Qg6+ Bg7 29. Qh5 Qf6 30. Kg2 Kf8 31. Bc6 Re5 32. Rh1 Ke7 33. Qh2 Rh8 34. Qg3 Rxh1 35. Kxh1 Kd8 36. Kg2 Kc7 37. Bd5 Re8 38. Qf2 Qf4 39. Qg3 Qxg3+ 40. Kxg3 Be5+ 41. Kg2 Rh8 42. Rh1 Rxh1 43. Kxh1 f6 1/2-1/2